Obra Completa
Gorde:
| Egile nagusia: | |
|---|---|
| Formatua: | Liburua |
| Hizkuntza: | gaztelania |
| Argitaratua: |
Buenos Aires
Espasa-Calpe
1964
|
| Edizioa: | 7a. ed |
| Saila: | Colección Austral, 135
|
| Gaiak: | |
| Etiketak: |
Etiketa erantsi
Etiketarik gabe, Izan zaitez lehena erregistro honi etiketa jartzen!
|
MARC
| LEADER | 00000nam a2200000 a 4500 | ||
|---|---|---|---|
| 001 | UCH6043 | ||
| 003 | CL-VaPUC | ||
| 008 | 091109e19640000AG |||||||||||||||||spa|d | ||
| 082 | 0 | 4 | |a 861 |b MAN |2 21 |
| 100 | |a Manrique, Jorge |e autor |9 321329 | ||
| 245 | 1 | 0 | |a Obra Completa |
| 250 | |a 7a. ed | ||
| 300 | |a 146 p | ||
| 942 | |c BK | ||
| 945 | |d 20091109 00:00:00 |a lazolas | ||
| 260 | |a Buenos Aires |b Espasa-Calpe |c 1964 | ||
| 500 | |a incluye obras burlescas y obras doctrinales | ||
| 650 | 0 | |a Poesías españolas |9 265100 | |
| 583 | |a last modification |c 20160520 16:17:18 |k Rodrigo Vera | ||
| 490 | 0 | |a Colección Austral, 135 | |
| 999 | |c 337014 |d 337012 | ||